000 00289nam a2200085Ia 4500
245 0 _aIntroducing social change : a manual for community development
100 _a ARENSBERG, Conrad M New Brunswick, NJ, 2009 2nd ed
_981483
942 _cBK
008 210817s9999 xx 000 0 und d
999 _c290332
_d290331